Rereading America : cultural contexts for critical thinking and writing
Saved in:
| Format: | Book |
|---|---|
| Language: | English |
| Published: |
St. Martin's Press
1989
|
| Tags: |
Add Tag
No Tags, Be the first to tag this record!
|
MARC
| LEADER | 00000nam a22000007a 4500 | ||
|---|---|---|---|
| 008 | 211122b ||||| |||| 00| 0 eng d | ||
| 020 | |a 0312008465 | ||
| 245 | |a Rereading America |b : cultural contexts for critical thinking and writing |c edited by Gary Colombo, Robert Cullen, Bonnie Lisle |g xxix,668p.:ill. | ||
| 250 | |c Colombo Gary, Cullen, Robert, Lisle, Bonnie | ||
| 260 | |b St. Martin's Press |c 1989 |h New York |i 296150 |l PE1127.H5R31 |m Readers--United States |m English language-- Rhetoric-- Problems, exercises etc |m Critical thinking--Problems, exercise, etc |m Report writing--Problems, exercise, etc.. |m College readers |m United States--Civilization--Problems, exercise, etc.. | ||
| 500 | |a It includes bibliographies and index | ||
| 942 | |a lcc |c BK |e Kuteyi M. A. |f 22/11/2021 | ||
| 952 | |0 0 |1 0 |2 lcc |4 0 |6 PE1127 H5 R31 |7 0 |9 3888 |a HOL |b HOL |c LP |d 2021-11-22 |l 0 |o PE1127.H5R31 |p 2021-67613 |r 2021-11-22 00:00:00 |w 2021-11-22 |y BK | ||
| 999 | |c 1940 |d 1940 | ||